000 00719nam a2200289Ia 4500
005 20260324115126.0
008 008 260324s9999 xx 000 0 eng d
020 _a9780429196546
037 _aEBOOK
040 _aCRL
040 _beng
040 _cCRL
041 _2eng
041 _aeng
084 _qCRL
100 _aMassimo Pirozzi
_91153459
245 4 _aThe Stakeholder Perspective
245 0 _bRelationship Management to Increase Value and Success Rates of Projects
260 _bTaylor and Francis
260 _c2019
365 _a
365 _b120
856 _uhttp://www.taylorfrancis.com/books/9780429196546
942 _cEBOOK
999 _c1744105
_d1744105